Responses for Show #4420 - Friday, November 21, 2003

2003 College Championship final game 2.
From Yale University.
Game data retrieved from an alternate archive.

Contestants

[<< previous game]

Grant Hutchinson, a freshman at the University of West Florida from Pensacola, Florida (subtotal of $5,000)

Keith Williams, a freshman at Middlebury College from Manchester, Vermont (subtotal of $10,400)

Josh Perkins, a sophomore at Rice University from Houston, Texas (subtotal of $11,111)

[next game >>]

Jeopardy! Round responses

RELIGION
GRAPHIC NOVELS
MIXED DOUBLES
THE INTERNET
CAPITAL CITY MAYORS
MERRIAM-WEBSTER'S COLLEGIATE DICTIONARY
    $200 1
Buddha

Josh
    $200 6
the atomic bomb

Keith
    $200 21
the tango

Grant
    $200 16
eBay

Keith
    $200 10
Tokyo

Keith
    $200 23
(Keith: What is browse?)

lurk

Keith
Triple Stumper
    $400 2
Hinduism

Keith
    $400 7
the Trojan War

Grant
    $400 22
snake eyes

Josh
    $400 17
AOL

Grant
    $400 11
Rome

Keith
    $400 24
Botox

Grant
    $600 3
Ramadan

Josh
    $600 8
Jack the Ripper

Keith
    $600 28
dual (double) citizenship

Josh
    $600 18
Yahoo!

Grant
    $600 12
London

Keith
    $600 25
barista

Triple Stumper
    $800 4
Shintoism

Keith
    $2,000 9
(Keith: No idea.)

Road to Perdition

Keith
    $800 29
thermodynamics

Grant
    $800 19
(Josh: Who is St. Peter?)

St. Anthony

Josh
Triple Stumper
    $800 13
Paris

Keith
    $800 26
LASIK

Keith
    $1000 5
Zoroastrianism

Grant
    $1000 15
The League of Extraordinary Gentlemen

Grant
    $1000 30
the biceps

Grant
    $1000 20
Jeeves

Josh
    $1000 14
Berlin

Grant
    $1000 27
cat

Triple Stumper

Scores at the first commercial break (after clue 15):

Josh Keith Grant
$800 $2,000 $3,400

Scores at the end of the Jeopardy! Round:

Josh Keith Grant
$2,000 $2,800 $6,800

Double Jeopardy! Round responses

ELIs
HABITATS
MERYL STREEP
AN ENGLISHMAN
ON CAMPUS IN THE '60s
LESSER-KNOWN ANCIENT ROMANS
    $400 3
quarterback

Keith
    $400 4
(Grant: What are ants?)

beetles

KeithGrant
    $400 26
The Simpsons

Josh
    $400 15
Jack

Keith
    $400 9
the draft

Josh
    $400 1
Status

Josh
    $800 22
Eli Lilly

Triple Stumper
    $800 5
a reef

Keith
    $800 27
Wendy Wasserstein

Grant
    $800 16
Hugh Grant

Josh
    $800 11
the Free Speech Movement

Grant
    $800 2
Litmus

Grant
    $1200 23
haggadah

Triple Stumper
    $1200 6
wetlands

Josh
    $1200 30
A Midsummer Night's Dream

Grant
    $1200 17
Around the World in Eighty Days

Josh
    $1200 12
(Josh: What is DuPont?)

Dow

JoshKeith
    $1200 10
Bonus

Keith
    $1600 24
Eli Whitney

Grant
    $1600 7
the Everglades

Josh
    $1600 29
The Hours

Triple Stumper
    $3,000 18
Robert Falcon Scott

Josh
    $1600 13
Columbia

Grant
    $3,600 19
(Josh: [Long pause] Who is Plaintiff?)

Litigious

Josh
    $2000 25
British East India Company

Keith
    $2000 8
prairie dogs

Keith
    $2000 28
Stephen Sondheim

Triple Stumper
    $2000 21
HMS Pinafore

Triple Stumper
    $2000 14
Robert McNamara

Grant
    $2000 20
Dexterous

Keith

Scores at the end of the Double Jeopardy! Round:

Josh Keith Grant
$6,200 $13,200 $15,200

[wagering suggestions for these scores]

Final Jeopardy! Round responses

TIME MAGAZINE COVERS
JoshWhat are 1939 & 2003
$6,145
KeithWhat are 1938 1945 and 2003?
$11,801
Grant[Written on card] What are 1945 and 2003?
$3,401
1945 & 2003

Final scores:

Josh Keith Grant
$55 $25,001 $18,601

Cumulative scores:

Josh Keith Grant
$11,166 $35,401 $23,601
2nd runner-up: $15,000 Tournament champion: $50,000 + a Volvo S60R + a trophy 1st runner-up: $25,000

Game dynamics:

Coryat scores:

Josh Keith Grant
$8,400 $15,200 $15,200
13 R
(including 1 DD),
3 W
(including 1 DD)
19 R,
2 W
(including 1 DD)
17 R,
1 W

Combined Coryat: $38,800

[game clues] [game scores] [suggest correction]

Game tape date: 2003-10-04
The J! Archive is created by fans, for fans. Scraping, republication, monetization, and malicious use prohibited; this site may use cookies and collect identifying information. See terms. The Jeopardy! game show and all elements thereof, including but not limited to copyright and trademark thereto, are the property of Jeopardy Productions, Inc. and are protected under law. This website is not affiliated with, sponsored by, or operated by Jeopardy Productions, Inc. Join the discussion at JBoard.tv.